| 000 | 00414nam a22001217a 4500 | ||
|---|---|---|---|
| 082 | _a220 PRO | ||
| 100 |
_aShehar Yar Khan Khalid Shehzad Ali Shah Asim Ahmad Khan Shahid Latif _971611 |
||
| 245 | _aPR-SOF-1781-Nursery Planting Agribot | ||
| 260 |
_aISLAMABAD _bNUST COLLEGE OF EME _c2019 |
||
| 650 |
_aDE-MTS-37 _971612 |
||
| 700 |
_aSupervisors Dr. Danish Hussain Dr. Umar Shahbaz Khan _971613 |
||
| 942 | _cCR | ||
| 999 |
_c578034 _d578034 |
||